00757 a2200193 4500003000400000005001700004008004100021020001800062040000900080082001500089100004600104245005800150260003200208300000800240942003600248952013100284952013100415999001700546OSt20231108140817.0231108b |||||||| |||| 00| 0 eng d a9789391938314 coclc a297bMUS/I aMusliyar, Karimbanakkal Kunhippokku99872 aIrshaadul aamma /cKarimbanakkal Kunhippokku Musliyar aKerala:bUrwa Books,c2023. a63p 2ddccBKh297iMUS/Ik297mMUS/I 00102ddc40708ISLAMaMESbMEScISLd2024-01-06l0o297 MUS/Ip44480r2024-01-06 13:49:51t2v100.00w2024-01-06yBKzGL49R2 00102ddc40708ISLAMaMESbMEScISLd2024-01-06l0o297 MUS/Ip44479r2024-01-06 13:49:51t1v100.00w2024-01-06yBKzGL49R2 c42968d42968